|
|
|
|
| LEADER |
00939nam a2200253 4500 |
| 001 |
c000325159 |
| 003 |
CARM |
| 005 |
00000000000000.0 |
| 008 |
690324s1968 iluac b 00110ceng |
| 019 |
1 |
|
|a 703105
|5 LACONCORD2021
|
| 035 |
|
|
|a (OCoLC)975
|5 LACONCORD2021
|
| 043 |
|
|
|a e-uk---
|
| 050 |
0 |
0 |
|a GR50
|b .D63
|
| 100 |
1 |
|
|a Dorson, Richard M.
|q (Richard Mercer),
|d 1916-
|
| 245 |
1 |
4 |
|a The British folklorists;
|b a history,
|c by Richard M. Dorson.
|
| 260 |
|
|
|a [Chicago]
|b University of Chicago Press
|c [1968]
|
| 300 |
|
|
|a x, 518 p.
|b illus., ports.
|c 24 cm.
|
| 504 |
|
|
|a Bibliography: p. 442-460.
|
| 650 |
|
0 |
|a Folklorists
|z Great Britain.
|
| 650 |
|
0 |
|a Folklore
|z Great Britain.
|
| 852 |
8 |
|
|b CARM
|h A1:AM07E0
|i C10008
|p 0425139
|f BK
|
| 082 |
0 |
4 |
|a 398/.0922
|
| 999 |
f |
f |
|i 2aae2bfd-148d-582c-bdd1-1ae0f7b5f187
|s 54fa3c9a-ae84-5a23-aad4-3144cd505528
|
| 952 |
f |
f |
|p Can circulate
|a CAVAL
|b CAVAL
|c CAVAL
|d CARM 1 Store
|e C10008
|f A1:AM07E0
|h Other scheme
|i book
|m 0425139
|